| 000 | 00470nam a2200157 i 4500 | ||
|---|---|---|---|
| 001 | 64086 | ||
| 003 | ES-MaACL | ||
| 005 | 20230906165034.0 | ||
| 007 | t| | ||
| 008 | 031219s1924 sp ||||1| spa d | ||
| 100 | 1 |
_aFitz-Gerald, John D. _951064 |
|
| 245 | 1 | 0 |
_aApuntes sobre la literatura americana _b: (de los Estados Unidos de América) / _cJohn D. Fitz-Gerald. |
| 260 |
_aMadrid : _bJaime Ratés, _c1924. |
||
| 300 |
_a134 p. ; _c20 cm. |
||
| 852 |
_aES-MaACL _jF-9753 |
||
| 999 |
_c64086 _d64086 |
||